Statistics for Top 20 JetPunkers

Click here to take the quiz!

General Stats

  • This quiz has been taken 9 times
  • The average score is 2 of 20

Answer Stats

RankAnswer% Correct
5Stewart
71%
13kalbahamut
29%
8Gassu
14%
4Jerry928
14%
17Jiaozira
14%
1relessness
14%
2scambigol
14%
15ThirdParty
14%
19Aaron197
0%
11CBTemple
0%
6Gamer1162
0%
18Geoguy
0%
9kiwirage
0%
7KoljiVriVoda
0%
20Kvkq
0%
12LBA
0%
3Quizzer6794
0%
16SaturnPL
0%
14skukka
0%
10WolfCam
0%

Score Distribution

Percentile by Number Answered

Percent of People with Each Score

Your Score History

You have not taken this quiz